LIBRARY ONLINE CATALOGUE

Tying the knot : (Record no. 21421)

MARC details
000 -LEADER
fixed length control field 01038cam a2200313 i 4500
001 - CONTROL NUMBER
control field 18720629
003 - CONTROL NUMBER IDENTIFIER
control field OSt
005 - DATE AND TIME OF LATEST TRANSACTION
control field 20260313164013.0
008 - FIXED-LENGTH DATA ELEMENTS--GENERAL INFORMATION
fixed length control field 150728s2016 ncu 000 0 eng
010 ## - LIBRARY OF CONGRESS CONTROL NUMBER
LC control number 2015029199
020 ## - INTERNATIONAL STANDARD BOOK NUMBER
International Standard Book Number 9781942572596
Qualifying information pbk.
020 ## - INTERNATIONAL STANDARD BOOK NUMBER
Canceled/invalid ISBN 9781942572602 (ebook)
035 ## - SYSTEM CONTROL NUMBER
System control number 18720629
040 ## - CATALOGING SOURCE
Original cataloging agency DLC
Language of cataloging eng
Transcribing agency DLC
Description conventions rda
Modifying agency DLC
042 ## - AUTHENTICATION CODE
Authentication code pcc
050 00 - LIBRARY OF CONGRESS CALL NUMBER
Classification number BV835
Item number .G725 2016
082 00 - DEWEY DECIMAL CLASSIFICATION NUMBER
Classification number 248.8/44
Edition number 23
100 1# - MAIN ENTRY--PERSONAL NAME
Personal name Green, Rob
Fuller form of name (Robert Eric)
245 10 - TITLE STATEMENT
Title Tying the knot :
Remainder of title a premarital guide to a strong and lasting marriage /
Statement of responsibility, etc. Rob Green.
264 #1 - PRODUCTION, PUBLICATION, DISTRIBUTION, MANUFACTURE, AND COPYRIGHT NOTICE
Place of production, publication, distribution, manufacture Greensboro, NC :
Name of producer, publisher, distributor, manufacturer New Growth Press,
Date of production, publication, distribution, manufacture, or copyright notice [2016]
300 ## - PHYSICAL DESCRIPTION
Extent xv, 159 pages ;
Dimensions 23 cm
336 ## - CONTENT TYPE
Content type term text
Content type code txt
Source rdacontent
337 ## - MEDIA TYPE
Media type term unmediated
Media type code n
Source rdamedia
338 ## - CARRIER TYPE
Carrier type term volume
Carrier type code nc
Source rdacarrier
650 #0 - SUBJECT ADDED ENTRY--TOPICAL TERM
Topical term or geographic name as entry element Marriage
General subdivision Religious aspects
-- Christianity.
906 ## - LOCAL DATA ELEMENT F, LDF (RLIN)
a 7
b cbc
c orignew
d 1
e ecip
f 20
g y-gencatlg
942 ## - ADDED ENTRY ELEMENTS (KOHA)
Source of classification or shelving scheme Library of Congress Classification
Koha item type General Collection
Holdings
Withdrawn status Lost status Source of classification or shelving scheme Not for loan Home library Current library Shelving location Date acquired Source of acquisition Inventory number Total Checkouts Full call number Barcode Date last seen Copy number Price effective from Koha item type
    Library of Congress Classification   Kabarak, Main Campus Kabarak, Main Campus General Stacks 13/03/2026 Donation 2025/3040   BV835 .G725 2016 C.1 38949 13/03/2026 C.1 13/03/2026 General Collection
    Library of Congress Classification   Kabarak, Main Campus Kabarak, Main Campus General Stacks 13/03/2026 Donation 2025/3041   BV835 .G725 2016 C.2 38957 13/03/2026 C.2 13/03/2026 General Collection